000 00683nam a2200289Ia 4500
005 20260324134932.0
008 008 260324s9999 xx 000 0 eng d
020 _a9781032682334
037 _aEBOOK
040 _aCRL
040 _beng
040 _cCRL
041 _2eng
041 _aeng
084 _qCRL
100 _aLinda Dorn; Carla Soffos
_91198709
245 0 _aScaffolding Young Writers
245 2 _bA Writer's Workshop Approach
260 _bTaylor and Francis
260 _c2001
365 _a
365 _b120
856 _uhttp://www.taylorfrancis.com/books/9781032682334
942 _cEBOOK
999 _c1799290
_d1799290